Sports Quiz

Random Sports or NFL Quiz

NFL Career Games With 100 Yds Receiving Quiz Stats

Quiz Updated Jan 6, 2017

Challenge
Share
Tweet
Embed
Score 0/72 Timer 08:00
5 Plays Today
Games Player % Correct
76*Jerry Rice
97.4%
64Randy Moss
96.1%
24Santana Moss
94.8%
51^Andre Johnson
93.4%
46Calvin Johnson
93.3%
31Chad Johnson
92.9%
59*Marvin Harrison
91.3%
51Steve Smith
88.6%
46Jimmy Smith
88.1%
51Terrell Owens
88.1%
30Rod Smith
88%
43Reggie Wayne
82.6%
47*Michael Irvin
79.9%
29^Antonio Brown
78.8%
47Torry Holt
77.4%
42^Larry Fitzgerald
76.3%
36^Julio Jones
73.6%
28^Wes Welker
72.3%
43Tim Brown
71.2%
39Roddy White
70.4%
45Isaac Bruce
69.7%
31Tony Gonzalez
67.2%
27^Vincent Jackson
64.6%
32^DeSean Jackson
64%
38^Anquan Boldin
63.9%
46^Brandon Marshall
62.9%
42*Cris Carter
62%
29Harold Jackson
61.4%
29Hines Ward
56.6%
31^Demaryius Thomas
56.1%
23^Rob Gronkowski
54.8%
28^Marques Colston
52.6%
28^A.J. Green
51.9%
40*Steve Largent
51.2%
25^Jordy Nelson
51.1%
36*Andre Reed
50.9%
Games Player % Correct
24Greg Jennings
48.1%
29Sterling Sharpe
47%
33*Art Monk
43.4%
24*Kellen Winslow
38.8%
34Herman Moore
37.8%
23Rob Moore
37.7%
27Joe Horn
34.3%
30Muhsin Muhammad
34.1%
24^T.Y. Hilton
33.4%
28Mark Duper
31.3%
24Andre Rison
30.1%
25*John Stallworth
30.1%
43*James Lofton
26.4%
32Irving Fryar
25.1%
41*Lance Alworth
23.9%
27Keenan McCardell
23.2%
26Eric Moulds
23.1%
30Gary Clark
22%
50*Don Maynard
21.8%
29Joey Galloway
21.5%
24Lionel Taylor
19.9%
23Terry Glenn
18.5%
28Drew Hill
15.7%
26Tony Hill
15.6%
37Henry Ellard
14.9%
27*Charlie Joiner
14.6%
27Jeff Graham
14.5%
27Tony Martin
12.4%
38Stanley Morgan
12.4%
28Anthony Miller
11.8%
23*Bob Hayes
10.5%
29Wes Chandler
7.7%
24*Bobby Mitchell
5.1%
28Charley Hennigan
2.9%
31Art Powell
1.4%
23Gary Garrison
1.1%

You're not logged in!

Compare scores with friends on all Sporcle quizzes.
Join for Free
OR
Log In

You Might Also Like...

Show Comments

Extras

Top Quizzes Today


Score Distribution

Your Account Isn't Verified!

In order to create a playlist on Sporcle, you need to verify the email address you used during registration. Go to your Sporcle Settings to finish the process.

Report this User

Report this user for behavior that violates our Community Guidelines.

Details: